The Aga Khan Historic Cities Programme (Record no. 7836)

000 -LEADER
fixed length control field 00345nam a22001337a 4500
003 - CONTROL NUMBER IDENTIFIER
control field OSt
005 - DATE AND TIME OF LATEST TRANSACTION
control field 20200526125034.0
008 - FIXED-LENGTH DATA ELEMENTS--GENERAL INFORMATION
fixed length control field 200526b ||||| |||| 00| 0 eng d
020 ## - INTERNATIONAL STANDARD BOOK NUMBER
International Standard Book Number 9783791344065
082 ## - DEWEY DECIMAL CLASSIFICATION NUMBER
Classification number 363.690
245 ## - TITLE STATEMENT
Title The Aga Khan Historic Cities Programme
Remainder of title strategies for urban renewal
260 ## - PUBLICATION, DISTRIBUTION, ETC. (IMPRINT)
Place of publication, distribution, etc New York
Name of publisher, distributor, etc Prestel
942 ## - ADDED ENTRY ELEMENTS (KOHA)
Source of classification or shelving scheme
Holdings
Withdrawn status Lost status Source of classification or shelving scheme Damaged status Koha normalized classification for sorting Not for loan Permanent location Current location Date acquired Full call number Barcode Date last seen Price effective from Koha item type Source of acquisition Cost, normal purchase price Cost, replacement price
        363_000000000000000_690JOD   BMS College of Architecture, Design and Planning BMS College of Architecture, Design and Planning 2020-05-26 363.690JOD AR-PG292 2020-05-26 2020-05-26 PG Books      
        363_690000000000000_JOD   BMS College of Architecture, Design and Planning BMS College of Architecture, Design and Planning 2020-08-05 363.690 JOD AR-UG1559 2020-08-05 2020-08-05 UG Books      
        363_690000000000000   BMS College of Architecture, Design and Planning BMS College of Architecture, Design and Planning 2022-03-30 363.690 AR-UG2680 2022-04-04 2022-04-04 UG Books 6 4131.75 5902.50
        363_690000000000000   BMS College of Architecture, Design and Planning BMS College of Architecture, Design and Planning 2022-03-28 363.690 AR-UG2640 2022-04-04 2022-04-04 UG Books 6 4123.35 5890.50
Copyright © 2025, The Librarian, Library and Information Centre, BMSCA D&P, Bengaluru. All Rights Reserved
web counter

Powered by Koha